[Event "GRE-chT 46th"]
[Site "Rio Achaia"]
[Date "2018.07.15"]
[Round "7.17"]
[White "Koutsidis, Achilleas"]
[Black "Symeonidis, Theofilos"]
[Result "0-1"]
[WhiteElo "1743"]
[BlackElo "1605"]
[PlyCount "106"]
[EventDate "2018.07.10"]
[EventType "team"]
[EventRounds "7"]
[EventCountry "GRE"]
[SourceTitle "CBM 185 Extra"]
[Source "ChessBase"]
[SourceDate "2018.07.29"]
[SourceVersion "1"]
[SourceVersionDate "2018.07.29"]
[SourceQuality "1"]
[WhiteTeam "You Go You"]
[BlackTeam "Larissa"]
[WhiteTeamCountry "GRE"]
[BlackTeamCountry "GRE"]

1. d4 Nf6 2. c4 e6 3. Nc3 Bb4 4. e3 0-0 5. Bd3 c5 6. Nge2 b6 7. 0-0 d5 8. cxd5 exd5 9. dxc5 Bxc5 10. Nf4 Bb7 11. Nh5 Nbd7 12. Nb5 Nxh5 13. Qxh5 Nf6 14. Qf5 Re8 15. b4 g6 16. Qf4 Be7 17. Bb2 a6 18. Bxf6 Bxf6 19. Nd4 Be5 20. Qf3 Qd6 21. g3 Qxb4 22. Rab1 Qd6 23. Qg4 Bc8 24. Qd1 Bh3 25. Re1 Qf6 26. Bf1 Bxf1 27. Rxf1 Bxd4 28. exd4 Re4 29. Rb4 a5 30. f3 axb4 31. fxe4 Qe6 32. e5 Rxa2 33. Qb3 Re2 34. Qxb4 Qh3 35. Rf2 Rxf2 36. Kxf2 Qxh2+ 37. Kf3 Qh1+ 38. Kf2 Qh2+ 39. Kf3 Qh5+ 40. Kf2 Qf5+ 41. Kg2 Qc2+ 42. Kh3 Qc6 43. Kg2 b5 44. Qe7 Qc2+ 45. Kh3 Qf5+ 46. Kg2 Qe4+ 47. Kh2 Qxd4 48. Qd8+ Kg7 49. Qf6+ Kh6 50. Qxf7 Qxe5 51. Qf8+ Kg5 52. Qd8+ Kg4 53. Qh4+ Kf3 0-1

[Event "GRE-chT 43rd"]
[Site "Porto Rio"]
[Date "2015.10.12"]
[Round "7.11"]
[White "Koutsidis, Achilleas"]
[Black "Papadopoulos, Zisis"]
[Result "1/2-1/2"]
[WhiteElo "1864"]
[BlackElo "1863"]
[PlyCount "107"]
[EventDate "2015.10.08"]
[EventType "team-swiss"]
[EventRounds "7"]
[EventCountry "GRE"]
[SourceTitle "CBM 168 Extra"]
[Source "ChessBase"]
[SourceDate "2015.10.29"]
[SourceVersion "1"]
[SourceVersionDate "2015.10.29"]
[SourceQuality "1"]
[WhiteTeam "Papagou"]
[BlackTeam "Florinas OP"]
[WhiteTeamCountry "GRE"]
[BlackTeamCountry "GRE"]

1. d4 Nf6 2. c4 e6 3. Nc3 d5 4. cxd5 exd5 5. Bg5 Be7 6. e3 0-0 7. Bd3 c6 8. Nf3 Nbd7 9. Qc2 Re8 10. 0-0 Nf8 11. Rab1 Ne4 12. Bxe7 Qxe7 13. b4 Ng6 14. b5 Bg4 15. Nd2 Nxc3 16. Qxc3 Rac8 17. bxc6 bxc6 18. Rfc1 Rc7 19. Nb3 Nh4 20. Nd2 Qg5 21. g3 Nf3+ 22. Nxf3 Bxf3 23. Qa5 Rce7 24. Rxc6 Rxe3 25. Qd2 R3e5 26. Qc3 R5e7 27. Bxh7+ Kxh7 28. Qxf3 g6 29. Rd6 Kg7 30. Rxd5 Qd2 31. a3 Qc2 32. Rdb5 Qc4 33. Re5 Qxd4 34. Rxe7 Rxe7 35. Rd1 Qc5 36. Qd3 Qe5 37. Qd4 Qxd4 38. Rxd4 Re5 39. Ra4 a5 40. Kg2 Rf5 41. h4 Rb5 42. g4 Kf6 43. Kg3 Rb3+ 44. f3 Rb5 45. g5+ Kg7 46. Kg4 Rc5 47. Kf4 Rf5+ 48. Kg4 Rc5 49. Rf4 Rc3 50. Ra4 Rc5 51. Kf4 Rf5+ 52. Kg4 Rc5 53. Kf4 Rf5+ 54. Kg4 1/2-1/2

[Event "GRE-chT 43rd"]
[Site "Porto Rio"]
[Date "2015.10.09"]
[Round "3.3"]
[White "Koutsidis, Achilleas"]
[Black "Georgakopoulos, Nikolaos K"]
[Result "0-1"]
[WhiteElo "1864"]
[BlackElo "2044"]
[PlyCount "104"]
[EventDate "2015.10.08"]
[EventType "team-swiss"]
[EventRounds "7"]
[EventCountry "GRE"]
[SourceTitle "CBM 168 Extra"]
[Source "ChessBase"]
[SourceDate "2015.10.29"]
[SourceVersion "1"]
[SourceVersionDate "2015.10.29"]
[SourceQuality "1"]
[WhiteTeam "Papagou"]
[BlackTeam "Chania ADA"]
[WhiteTeamCountry "GRE"]
[BlackTeamCountry "GRE"]

1. d4 d5 2. c4 e6 3. Nc3 c6 4. Nf3 Nf6 5. e3 Nbd7 6. Bd3 dxc4 7. Bxc4 b5 8. Bd3 a6 9. 0-0 Bb7 10. a3 c5 11. Qe2 Be7 12. Rd1 Qb6 13. Bc2 0-0 14. e4 cxd4 15. Nxd4 Bc5 16. Be3 Qc7 17. Rac1 Ne5 18. Bf4 Rad8 19. Nf3 Nfg4 20. Nxe5 Nxe5 21. Bb1 Rxd1+ 22. Nxd1 Qd6 23. Ne3 f6 24. Ng4 Bd4 25. Rd1 Qc5 26. Nxe5 Bxe5 27. Bxe5 Qxe5 28. f3 Rc8 29. Qd2 Qc5+ 30. Kh1 Qe7 31. Ba2 Kf8 32. h3 Ke8 33. b4 Kf7 34. Qd7 Rc6 35. Qd4 Rc7 36. e5 f5 37. Qb6 Bc8 38. Qe3 Rd7 39. Rc1 Bb7 40. Kh2 Qd8 41. Qc5 Qg5 42. Bb3 Bxf3 43. Rg1 Qf4+ 44. Kh1 Qg3 45. Bxe6+ Kxe6 46. Qb6+ Ke7 47. Qc5+ Kf7 48. e6+ Kxe6 49. Qe3+ Kf7 50. Qb3+ Rd5 51. Qxf3 Qxf3 52. gxf3 Rd3 0-1

[Event "GRE-chT 43rd"]
[Site "Porto Rio"]
[Date "2015.10.08"]
[Round "2.6"]
[White "Kokkalis, Haralabos"]
[Black "Koutsidis, Achilleas"]
[Result "1-0"]
[WhiteElo "1857"]
[BlackElo "1864"]
[PlyCount "94"]
[EventDate "2015.10.08"]
[EventType "team-swiss"]
[EventRounds "7"]
[EventCountry "GRE"]
[SourceTitle "CBM 168 Extra"]
[Source "ChessBase"]
[SourceDate "2015.10.29"]
[SourceVersion "1"]
[SourceVersionDate "2015.10.29"]
[SourceQuality "1"]
[WhiteTeam "Orekastro Marion"]
[BlackTeam "Papagou"]
[WhiteTeamCountry "GRE"]
[BlackTeamCountry "GRE"]

1. e4 c5 2. Nf3 d6 3. d4 cxd4 4. Nxd4 Nf6 5. Nc3 g6 6. Be3 Bg7 7. f3 Nc6 8. Qd2 0-0 9. Bc4 Bd7 10. 0-0-0 Rb8 11. Bb3 Na5 12. Kb1 b5 13. h4 h5 14. g4 Nc4 15. Bxc4 bxc4 16. Nd5 hxg4 17. Nxf6+ Bxf6 18. h5 Qb6 19. c3 Qa5 20. hxg6 fxg6 21. fxg4 Rb6 22. Qh2 Rf7 23. Ne2 Ra6 24. Nc1 Bc6 25. Rd4 Rb6 26. Rxc4 Ra6 27. Ka1 Bd7 28. Bd4 e5 29. g5 Bg7 30. Rb4 Qc7 31. Be3 Be6 32. a3 Rc6 33. Qh7+ Kf8 34. Qxg6 Qc8 35. Qh5 Rxc3 36. g6 Rf6 37. Bh6 Rc7 38. Bg5 Rf2 39. Be3 Rf6 40. Qh7 Bg8 41. Qh5 Rf2 42. Nd3 Qe6 43. Rb8+ Rc8 44. Rxc8+ Qxc8 45. Bxf2 Qc4 46. Qf5+ Ke8 47. Nc1 Be6 1-0

[Event "Isthmia op 5th"]
[Site "Loutraki"]
[Date "2015.08.22"]
[Round "6"]
[White "Koutsidis, Achilleas"]
[Black "Pandavos, Panayotis"]
[Result "1/2-1/2"]
[WhiteElo "1860"]
[BlackElo "2191"]
[PlyCount "91"]
[EventDate "2015.08.18"]
[EventType "swiss"]
[EventRounds "9"]
[EventCountry "GRE"]
[SourceTitle "EXT 2016"]
[Source "ChessBase"]
[SourceDate "2015.10.08"]
[SourceVersion "1"]
[SourceVersionDate "2015.10.08"]
[SourceQuality "1"]

1. d4 d6 2. c4 e5 3. d5 f5 4. Nc3 Nf6 5. Qc2 Be7 6. e4 fxe4 7. Nxe4 Nxe4 8. Qxe4 0-0 9. Bd3 Bf5 10. Qe2 Bxd3 11. Qxd3 Bg5 12. Nh3 Bxc1 13. Rxc1 Na6 14. 0-0 Nc5 15. Qc2 a5 16. f4 exf4 17. Nxf4 Qg5 18. g3 Rae8 19. Rf3 Qg4 20. Rcf1 Re5 21. Qg2 Ref5 22. Re1 Re5 23. Ref1 Ref5 24. Re1 Re5 25. Ref1 Rfe8 26. Ne6 Nxe6 27. dxe6 Qd4+ 28. Kh1 R5xe6 29. Rf4 Re4 30. Rf7 Re1 31. Rxc7 Rxf1+ 32. Qxf1 Qe4+ 33. Kg1 Rf8 34. Qd1 Qe3+ 35. Kh1 Qe4+ 36. Kg1 Rf5 37. c5 d5 38. c6 bxc6 39. Rxc6 Qe3+ 40. Kh1 Qe4+ 41. Kg1 Qe3+ 42. Kh1 d4 43. Rc8+ Kf7 44. Rd8 Qe4+ 45. Kg1 Qe3+ 46. Kh1 1/2-1/2

[Event "Anogia op 4th"]
[Site "Anogia"]
[Date "2015.07.09"]
[Round "1"]
[White "Koutsidis, Achilleas"]
[Black "Milonakis, Georgios"]
[Result "1/2-1/2"]
[WhiteElo "1685"]
[BlackElo "2223"]
[PlyCount "95"]
[EventDate "2015.07.09"]
[EventType "swiss"]
[EventRounds "9"]
[EventCountry "GRE"]
[SourceTitle "CBM 167 Extra"]
[Source "ChessBase"]
[SourceDate "2015.09.14"]
[SourceVersion "1"]
[SourceVersionDate "2015.09.14"]
[SourceQuality "1"]

1. d4 Nf6 2. c4 g6 3. Nc3 d5 4. cxd5 Nxd5 5. e4 Nxc3 6. bxc3 Bg7 7. Bg5 c5 8. Rc1 0-0 9. Nf3 Bg4 10. d5 Qa5 11. Qd2 Nd7 12. Bd3 c4 13. Bb1 Bxf3 14. gxf3 Ne5 15. Qe3 e6 16. Be7 Rfe8 17. d6 Nc6 18. Bg5 f6 19. Bh4 Qh5 20. Bg3 Bh6 21. f4 Rad8 22. Rd1 Rd7 23. Qe2 Qxe2+ 24. Kxe2 e5 25. fxe5 Nxe5 26. f4 Nf7 27. Kf3 Rxd6 28. Rxd6 Nxd6 29. a4 Bf8 30. Rd1 b5 31. e5 fxe5 32. fxe5 Nf7 33. axb5 Nxe5+ 34. Bxe5 Rxe5 35. Ba2 Rf5+ 36. Kg2 Rg5+ 37. Kf3 Bc5 38. Bxc4+ Kf8 39. Rd5 Rxd5 40. Bxd5 Ke7 41. c4 Kf6 42. h3 Ke5 43. Bc6 Kd4 44. Bd5 Bd6 45. Be6 Ke5 46. Bd7 Be7 47. Bc8 Bf6 48. Bb7 1/2-1/2

[Event "Ambelokipi op 148th"]
[Site "Athens"]
[Date "2014.10.01"]
[Round "3"]
[White "Koutsidis, Achilleas"]
[Black "Delithanasis, Dimitrios"]
[Result "0-1"]
[WhiteElo "1729"]
[BlackElo "2095"]
[PlyCount "36"]
[EventDate "2014.09.17"]
[EventType "swiss"]
[EventRounds "7"]
[EventCountry "GRE"]
[SourceTitle "EXT 2016"]
[Source "ChessBase"]
[SourceDate "2015.10.08"]
[SourceVersion "1"]
[SourceVersionDate "2015.10.08"]
[SourceQuality "1"]

1. d4 Nf6 2. c4 g6 3. Nc3 Bg7 4. Nf3 0-0 5. Bf4 d6 6. h3 c5 7. e3 Nbd7 8. Be2 b6 9. 0-0 Bb7 10. a3 Nh5 11. Bh2 cxd4 12. exd4 Bh6 13. Nd2 Nf4 14. Bf3 Bxf3 15. Nxf3 e6 16. b4 Qc7 17. Ne4 Qxc4 18. Nxd6 Qd5 0-1

[Event "GRE-ch U16"]
[Site "Greece"]
[Date "2014.07.10"]
[Round "9"]
[White "Serpetsidaki, Eva"]
[Black "Koutsidis, Achilleas"]
[Result "0-1"]
[WhiteElo "1537"]
[BlackElo "1805"]
[PlyCount "60"]
[EventDate "2014.07.04"]
[EventType "swiss"]
[EventRounds "9"]
[EventCountry "GRE"]
[SourceTitle "EXT 2017"]
[Source "ChessBase"]
[SourceDate "2016.10.25"]
[SourceVersion "1"]
[SourceVersionDate "2016.10.25"]
[SourceQuality "1"]

1. e4 c5 2. Nf3 d6 3. Bb5+ Bd7 4. Bxd7+ Qxd7 5. 0-0 Nc6 6. Re1 Nf6 7. b3 g6 8. Bb2 Bg7 9. d4 cxd4 10. Nxd4 0-0 11. c4 a6 12. Nd2 Nxd4 13. Bxd4 b5 14. Qe2 Qb7 15. Rad1 Rfd8 16. cxb5 axb5 17. Nf3 d5 18. exd5 Nxd5 19. Bxg7 Kxg7 20. h3 Kg8 21. Rd2 Rd6 22. Qe4 Rad8 23. Red1 Qd7 24. Rd3 Nc3 25. Rxd6 exd6 26. Qd3 Nxd1 27. Qxd1 Qc7 28. Nd4 b4 29. Nb5 Qc5 30. Qe2 Rb8 0-1

[Event "GRE-chT 42nd"]
[Site "Porto Rio"]
[Date "2014.07.02"]
[Round "6.8"]
[White "Koutsidis, Achilleas"]
[Black "Sidiropoulos, Nikolaos"]
[Result "0-1"]
[WhiteElo "1776"]
[BlackElo "1904"]
[PlyCount "98"]
[EventDate "2014.06.28"]
[EventType "team-swiss"]
[EventRounds "7"]
[EventCountry "GRE"]
[SourceTitle "CBM 161 Extra"]
[Source "ChessBase"]
[SourceDate "2014.08.29"]
[SourceVersion "1"]
[SourceVersionDate "2014.08.29"]
[SourceQuality "1"]
[WhiteTeam "Pan GA"]
[BlackTeam "Peiraikos PG"]
[WhiteTeamCountry "GRE"]
[BlackTeamCountry "GRE"]

1. d4 d5 2. c4 e6 3. Nf3 c6 4. g3 f5 5. Bg5 Be7 6. Bxe7 Qxe7 7. c5 Nd7 8. Nbd2 e5 9. dxe5 Nxe5 10. Nxe5 Qxe5 11. Qc2 Nf6 12. Bg2 0-0 13. Nf3 Qe7 14. Nd4 Bd7 15. 0-0 Ne4 16. b4 f4 17. Qd3 a5 18. a3 axb4 19. axb4 Rxa1 20. Rxa1 fxg3 21. fxg3 Nf2 22. Qd2 Nh3+ 23. Bxh3 Bxh3 24. Nf3 Qe4 25. b5 h6 26. bxc6 bxc6 27. Re1 Rf6 28. Qd4 Qe7 29. Qc3 Rf8 30. Kh1 Bf5 31. Kg1 Bg4 32. Kg2 Qe4 33. Kg1 Bxf3 34. exf3 Qxf3 35. Qxf3 Rxf3 36. Re6 Rf6 37. Re3 Kf7 38. Kg2 Rf5 39. Rd3 Ke6 40. g4 Rf4 41. Re3+ Re4 42. Rg3 Rc4 43. g5 hxg5 44. Rxg5 Kf6 45. Rg3 Rxc5 46. Rd3 Rc4 47. h3 d4 48. Kf2 c5 49. Ke2 g5 0-1

[Event "GRE-ch U18"]
[Site "Thessaloniki"]
[Date "2014.01.08"]
[Round "9"]
[White "Papakonstantinou, Georgios"]
[Black "Koutsidis, Achilleas"]
[Result "0-1"]
[WhiteElo "1319"]
[BlackElo "1787"]
[PlyCount "114"]
[EventDate "2014.01.02"]
[EventType "swiss"]
[EventRounds "9"]
[EventCountry "GRE"]
[SourceTitle "EXT 2017"]
[Source "ChessBase"]
[SourceDate "2016.10.25"]
[SourceVersion "1"]
[SourceVersionDate "2016.10.25"]
[SourceQuality "1"]

1. e4 c5 2. Nf3 d6 3. d4 Nf6 4. Bb5+ Bd7 5. Bxd7+ Qxd7 6. e5 dxe5 7. dxe5 Qxd1+ 8. Kxd1 Ne4 9. Be3 Nc6 10. Ke2 0-0-0 11. Na3 g6 12. Rad1 Bg7 13. Bf4 Nd4+ 14. Nxd4 cxd4 15. Nb5 Rd5 16. Nxd4 Rhd8 17. c3 Bxe5 18. Be3 a6 19. f3 Nd6 20. Nc2 Nc4 21. Rxd5 Rxd5 22. b3 Nxe3 23. Nxe3 Ra5 24. a4 Bxc3 25. Rc1 Rc5 26. Nc4 Bb4 27. Nb6+ Kc7 28. Nd5+ Kd6 29. Rxc5 Bxc5 30. Nc3 b6 31. Ne4+ Kd5 32. Kd3 h6 33. Nc3+ Kc6 34. Kc4 Bd6 35. h3 Be5 36. Nd1 b5+ 37. axb5+ axb5+ 38. Kb4 Bd4 39. g4 e5 40. h4 f5 41. Ka3 Kc5 42. h5 gxh5 43. gxf5 Kd6 44. Kb4 Ke7 45. Kxb5 Kf6 46. Kc4 Kxf5 47. b4 Ke6 48. Nc3 Bxc3 49. Kxc3 h4 50. Kc4 h3 51. b5 h2 52. Kc5 h1Q 53. Kb6 Qxf3 54. Kc7 Qc3+ 55. Kb7 Kd6 56. b6 Qa5 57. Kc8 Qa8# 0-1

[Event "GRE-ch U18"]
[Site "Thessaloniki"]
[Date "2014.01.04"]
[Round "4"]
[White "Nikolakis, Panagiotis Marios"]
[Black "Koutsidis, Achilleas"]
[Result "1/2-1/2"]
[WhiteElo "1575"]
[BlackElo "1787"]
[PlyCount "98"]
[EventDate "2014.01.02"]
[EventType "swiss"]
[EventRounds "9"]
[EventCountry "GRE"]
[SourceTitle "EXT 2017"]
[Source "ChessBase"]
[SourceDate "2016.10.25"]
[SourceVersion "1"]
[SourceVersionDate "2016.10.25"]
[SourceQuality "1"]

1. e4 c5 2. Nf3 d6 3. d4 Nf6 4. Nc3 cxd4 5. Nxd4 Nc6 6. Be3 g6 7. f3 Bg7 8. Qd2 0-0 9. Bc4 Bd7 10. 0-0-0 Nxd4 11. Bxd4 b5 12. Bxb5 Bxb5 13. Nxb5 Qd7 14. Nc3 Rab8 15. Nd5 Nxd5 16. Bxg7 Kxg7 17. Qxd5 Rb5 18. Qd4+ Kg8 19. Rd3 Ra5 20. Kb1 Ra4 21. Qd5 Rc8 22. e5 Rac4 23. Rd2 R8c5 24. Qd3 d5 25. g3 e6 26. f4 Qb7 27. Rhd1 Rb5 28. b3 Qa6 29. Qe3 Qa3 30. c3 Rxb3+ 31. axb3 Qxb3+ 32. Kc1 Rxc3+ 33. Qxc3 Qxc3+ 34. Rc2 Qe3+ 35. Kb2 d4 36. Rcd2 Qc3+ 37. Kb1 a5 38. Rxd4 a4 39. R4d3 Qb4+ 40. Ka2 Kg7 41. R1d2 h5 42. h4 a3 43. Rd4 Qc3 44. R4d3 Qc1 45. Rf2 Qc4+ 46. Rb3 Qd5 47. Rc2 Qd1 48. Rbc3 Qd5+ 49. Kxa3 Qa5+ 1/2-1/2

[Event "GRE-ch U18"]
[Site "Thessaloniki"]
[Date "2014.01.03"]
[Round "2"]
[White "Doudoulakakis, Athanasios"]
[Black "Koutsidis, Achilleas"]
[Result "1-0"]
[WhiteElo "1507"]
[BlackElo "1787"]
[PlyCount "69"]
[EventDate "2014.01.02"]
[EventType "swiss"]
[EventRounds "9"]
[EventCountry "GRE"]
[SourceTitle "EXT 2017"]
[Source "ChessBase"]
[SourceDate "2016.10.25"]
[SourceVersion "1"]
[SourceVersionDate "2016.10.25"]
[SourceQuality "1"]

1. e4 c5 2. Nf3 d6 3. d4 Nf6 4. Nc3 cxd4 5. Qxd4 Nc6 6. Bb5 Bd7 7. Bxc6 Bxc6 8. Bg5 e6 9. 0-0-0 Be7 10. Qd3 0-0 11. Nd4 Rc8 12. f4 Nd7 13. Bxe7 Qxe7 14. Qg3 Nc5 15. Rhe1 b5 16. Ndxb5 Bxb5 17. Nxb5 Rc6 18. Nd4 Rb6 19. Nb3 Na6 20. Kb1 Rc8 21. Re3 Rcb8 22. Rc3 Nc5 23. Qe3 Qb7 24. Ka1 Nxe4 25. Rcd3 d5 26. Qxe4 Qc7 27. Qe2 Qxf4 28. g3 Qa4 29. a3 a5 30. Rb1 Qd7 31. Nc1 a4 32. c3 Qb5 33. Qc2 Qc4 34. Na2 e5 35. Qd1 1-0

[Event "Nikaia op 21st"]
[Site "Nikaia"]
[Date "2013.08.29"]
[Round "4"]
[White "Tsiros, Fragkiskos Vlasios"]
[Black "Koutsidis, Achilleas"]
[Result "1-0"]
[WhiteElo "1969"]
[BlackElo "1752"]
[PlyCount "75"]
[EventDate "2013.08.26"]
[EventType "swiss"]
[EventRounds "9"]
[EventCountry "GRE"]
[SourceTitle "CBM 156 Extra"]
[Source "ChessBase"]
[SourceDate "2013.10.22"]
[SourceVersion "1"]
[SourceVersionDate "2013.10.22"]
[SourceQuality "1"]

1. Nf3 Nf6 2. c4 c5 3. Nc3 Nc6 4. d4 cxd4 5. Nxd4 d6 6. e4 g6 7. Be2 Bg7 8. Be3 0-0 9. 0-0 Bd7 10. Rc1 a6 11. f3 Rb8 12. Nc2 Qa5 13. a3 b5 14. b4 Qd8 15. c5 dxc5 16. Bxc5 Re8 17. Ne3 Be6 18. Ned5 Bxd5 19. exd5 Ne5 20. f4 Ned7 21. Bf3 Nb6 22. Re1 Nc4 23. Qe2 Nd6 24. Qf2 Nd7 25. Bxd6 exd6 26. Rxe8+ Qxe8 27. Ne4 Nf6 28. Nxd6 Qd7 29. Rc6 Bf8 30. Qd4 Be7 31. Qe5 Rd8 32. h3 Nxd5 33. Bxd5 Bxd6 34. Qf6 Bxf4 35. Bxf7+ Qxf7 36. Qxd8+ Kg7 37. Qd4+ Kh6 38. Rf6 1-0

[Event "Kavala op 22nd"]
[Site "Kavala"]
[Date "2013.08.09"]
[Round "5"]
[White "Koutsidis, Achilleas"]
[Black "Auth, Robert"]
[Result "0-1"]
[WhiteElo "1758"]
[BlackElo "1951"]
[PlyCount "78"]
[EventDate "2013.08.06"]
[EventType "swiss"]
[EventRounds "9"]
[EventCountry "GRE"]
[SourceTitle "CBM 155 Extra"]
[Source "ChessBase"]
[SourceDate "2013.08.26"]
[SourceVersion "1"]
[SourceVersionDate "2013.08.26"]
[SourceQuality "1"]

1. d4 d5 2. c4 Bf5 3. Nc3 e6 4. Bf4 c6 5. cxd5 exd5 6. e3 Nf6 7. Nge2 Nh5 8. Bg3 Qb6 9. Qd2 Nd7 10. Nf4 Nxg3 11. hxg3 Nf6 12. f3 Bd6 13. 0-0-0 0-0-0 14. Bd3 Bd7 15. Kb1 h6 16. Ka1 Rde8 17. Rc1 Kb8 18. Rhe1 Bb4 19. a3 Qa5 20. Kb1 Bd6 21. Qc2 g5 22. Nh3 Bxg3 23. Re2 g4 24. Ng1 gxf3 25. gxf3 h5 26. Bf5 h4 27. Bxd7 Nxd7 28. Qf5 Nb6 29. Nh3 Nc4 30. Nd1 Qb5 31. Nc3 Qb6 32. Na4 Nxa3+ 33. Ka2 Qa6 34. Kxa3 Qxe2 35. Nc5 Rxe3+ 36. Ka2 Rhe8 37. Ng1 Qd2 38. Qd7 R3e7 39. Na6+ Ka8 0-1

[Event "GRE-ch U14"]
[Site "Patras"]
[Date "2013.07.10"]
[Round "4.3"]
[White "Koutsidis, Achilleas"]
[Black "Kouskoutis, Georgios Alexandros"]
[Result "0-1"]
[WhiteElo "1736"]
[BlackElo "1912"]
[PlyCount "56"]
[EventDate "2013.07.08"]
[EventType "swiss"]
[EventRounds "9"]
[EventCountry "GRE"]
[SourceTitle "EXT 2024"]
[Source "ChessBase"]
[SourceDate "2023.10.10"]
[SourceVersion "1"]
[SourceVersionDate "2023.10.10"]
[SourceQuality "1"]

1. e4 c5 2. Nf3 e6 3. d4 cxd4 4. Nxd4 Nc6 5. Nc3 Qc7 6. Be3 a6 7. f4 Bb4 8. Bd3 Nf6 9. 0-0 Bc5 10. Nf5 Qb6 11. Nxg7+ Kf8 12. Nxe6+ dxe6 13. Bxc5+ Qxc5+ 14. Kh1 h5 15. e5 Ng4 16. Ne4 Qb6 17. Be2 Ne3 18. Qd6+ Kg7 19. f5 Qd4 20. fxe6 Bxe6 21. Rxf7+ Bxf7 22. Qf6+ Kg8 23. Nd6 Rh7 24. Bd3 Rg7 25. Rf1 Nxf1 26. Nf5 Qxe5 27. Nh6+ Kf8 28. Qxf1 Re8 0-1

[Event "GRE-ch U14"]
[Site "Patras"]
[Date "2013.07.09"]
[Round "3.3"]
[White "Koutsidis, Achilleas"]
[Black "Papadopoulos, Argirios"]
[Result "1/2-1/2"]
[WhiteElo "1736"]
[BlackElo "1927"]
[PlyCount "80"]
[EventDate "2013.07.08"]
[EventType "swiss"]
[EventRounds "9"]
[EventCountry "GRE"]
[SourceTitle "EXT 2024"]
[Source "ChessBase"]
[SourceDate "2023.10.10"]
[SourceVersion "1"]
[SourceVersionDate "2023.10.10"]
[SourceQuality "1"]

1. d4 d5 2. c4 c6 3. cxd5 cxd5 4. Nf3 Nc6 5. Nc3 Nf6 6. Bf4 a6 7. Rc1 Bf5 8. e3 e6 9. Be2 Bd6 10. Bxd6 Qxd6 11. 0-0 0-0 12. Na4 Nd7 13. Nc5 Nxc5 14. dxc5 Qe7 15. Nd4 Bg6 16. Qa4 Qc7 17. b4 e5 18. Nxc6 bxc6 19. Rfd1 Rfb8 20. a3 Qb7 21. Qa5 f6 22. h3 Ra7 23. Rd2 Rba8 24. Rcd1 Be8 25. Rb2 Qc7 26. Qxc7 Rxc7 27. a4 Rb7 28. b5 axb5 29. axb5 cxb5 30. Rxd5 Rc8 31. c6 Rxc6 32. Bxb5 Rcb6 33. Rd8 Rxb5 34. Rxb5 Rxb5 35. Rxe8+ Kf7 36. Rc8 Rb1+ 37. Kh2 Rb2 38. Kg3 g5 39. e4 h5 40. f3 h4+ 1/2-1/2

[Event "Nikea Fysiolatriko-A 11th"]
[Site "Nikea"]
[Date "2013.06.23"]
[Round "5"]
[White "Korniotis, Filippos"]
[Black "Koutsidis, Achilleas"]
[Result "1-0"]
[WhiteElo "1884"]
[BlackElo "1727"]
[PlyCount "69"]
[EventDate "2013.06.19"]
[EventType "swiss"]
[EventRounds "9"]
[EventCountry "GRE"]
[SourceTitle "EXT 2024"]
[Source "ChessBase"]
[SourceDate "2023.10.10"]
[SourceVersion "1"]
[SourceVersionDate "2023.10.10"]
[SourceQuality "1"]

1. d4 Nf6 2. c4 g6 3. Nc3 d5 4. Bf4 Bg7 5. e3 c5 6. dxc5 Qa5 7. Rc1 dxc4 8. Bxc4 0-0 9. Nf3 Nc6 10. 0-0 Nd7 11. Nd5 Nxc5 12. b4 Nxb4 13. Nxe7+ Kh8 14. Bd6 Be6 15. a3 Bxc4 16. Rxc4 Nbd3 17. Qc2 b6 18. Nc6 Qxa3 19. Bxf8 Rxf8 20. Ng5 f5 21. Nd8 Bf6 22. Nde6 Bxg5 23. Nxf8 Kg8 24. Nd7 Nxd7 25. Rc3 Nb4 26. Qd2 Qa4 27. Rc8+ Nf8 28. Qd6 Bh6 29. Qe6+ Kh8 30. Qf6+ Kg8 31. Qe6+ Kh8 32. Qf7 Qa2 33. Rxf8+ Bxf8 34. Qxf8+ Qg8 35. Qxb4 1-0

[Event "Nikea Fysiolatriko-A 11th"]
[Site "Nikea"]
[Date "2013.06.19"]
[Round "1"]
[White "Simeonidis, Ioannis"]
[Black "Koutsidis, Achilleas"]
[Result "1-0"]
[WhiteElo "2238"]
[BlackElo "1727"]
[PlyCount "26"]
[EventDate "2013.06.19"]
[EventType "swiss"]
[EventRounds "9"]
[EventCountry "GRE"]
[SourceTitle "EXT 2024"]
[Source "ChessBase"]
[SourceDate "2023.10.10"]
[SourceVersion "1"]
[SourceVersionDate "2023.10.10"]
[SourceQuality "1"]

1. Nf3 Nf6 2. c4 g6 3. Nc3 d5 4. cxd5 Nxd5 5. Qb3 Nxc3 6. Qxc3 f6 7. e4 Bg7 8. Bc4 e5 9. 0-0 Qe7 10. d4 Nd7 11. Re1 Nb6 12. dxe5 fxe5 13. Bg5 Qc5 1-0

[Event "Attica-ch U14"]
[Site "Peristeri"]
[Date "2012.04.22"]
[Round "7"]
[White "Koutsidis, Achilleas"]
[Black "Katopodis, Ioannis"]
[Result "1/2-1/2"]
[WhiteElo "1675"]
[BlackElo "1652"]
[PlyCount "100"]
[EventDate "2012.04.17"]
[EventType "swiss"]
[EventRounds "7"]
[EventCountry "GRE"]
[SourceTitle "EXT 2024"]
[Source "ChessBase"]
[SourceDate "2023.10.10"]
[SourceVersion "1"]
[SourceVersionDate "2023.10.10"]
[SourceQuality "1"]

1. d4 d5 2. c4 c6 3. cxd5 cxd5 4. Nc3 Nf6 5. Nf3 Nc6 6. Bf4 Bf5 7. e3 e6 8. Qb3 Bb4 9. Bb5 Qe7 10. Ne5 Rc8 11. Qa4 Bxc3+ 12. bxc3 0-0 13. Nxc6 bxc6 14. Ba6 Rcd8 15. Qxc6 Qd7 16. Qxd7 Rxd7 17. h3 Ne4 18. Rc1 Nd6 19. 0-0 Rb8 20. c4 Bd3 21. Rfd1 Bxc4 22. Bxc4 dxc4 23. Bxd6 Rxd6 24. Rxc4 Rdb6 25. Rdc1 g6 26. a4 Kg7 27. Kf1 Rb4 28. Ke2 a5 29. R1c3 Rb2+ 30. Rc2 Rxc2+ 31. Rxc2 Rb4 32. Ra2 Kf6 33. Kd3 e5 34. dxe5+ Kxe5 35. Kc3 h5 36. Rb2 Rxa4 37. Rb5+ Kf6 38. Kb3 Ra1 39. g4 h4 40. f4 Rh1 41. Rxa5 Rxh3 42. g5+ Ke6 43. Re5+ Kd6 44. Kc3 Rg3 45. Kd3 h3 46. Re8 h2 47. Rh8 Rg2 48. e4 Kc5 49. Ke3 Ra2 50. f5 Rg2 1/2-1/2